00407nam a2200157Ia 4500008004100000020001800041041000800059082001300067100001400080245006800094250001200162260003000174300000900204365000700213650002900220251210s2023 xx 000 0 und d a9788131257845 aeng a573. KAN aKannan, I aApplied microbiology and infection control practices for nurses a2nd ed. aNew DelhibElesiverc2023 a337p cRS aMicrobiology and biology